000 00327nam a2200133Ia 4500
008 221030s9999 xx 000 0 und d
041 _aEnglish
100 _aG. M. Marakas
245 0 _aModern Data Warehousing, Mining, & Visulazation
_cby G. M. Marakas
250 _aJAN 2016
260 _c2016
650 _aB
942 _cBK
999 _c16030
_d16030